| 000 | 01259nam a2200385 i 4500 | ||
|---|---|---|---|
| 001 | 27773 | ||
| 003 | KOSZ 005 | ||
| 005 | 20191014081119.0 | ||
| 008 | 961010s1972 pl f f |000 0 pol | ||
| 040 |
_cKOSZ 005 _aKOSZ 005 _dKOSZ 005/HR |
||
| 041 | _apol | ||
| 046 | _k1967 | ||
| 080 | _a621.3 | ||
| 080 | _a(07) | ||
| 100 | 1 |
_aWołkowiński, Konstanty _eAutor |
|
| 245 | 0 |
_aUziemienia urządzeń elektroenergetycznych / _cKonstanty Wołkowiński. |
|
| 250 | _aWydanie 4 niezmienione | ||
| 260 |
_aWarszawa : _bWydawnictwa Naukowo-TEchniczne, _c1972. |
||
| 300 |
_a472 strony : _bilustracje ; _c23 cm. |
||
| 336 |
_2rdacontent _aTekst _btxt |
||
| 337 |
_2rdamedia _aBez urządzenia pośredniczącego _bn |
||
| 338 |
_2rdacarrier _aWolumin _bnc |
||
| 380 | _aKsiążki | ||
| 380 | _aPublikacje fachowe | ||
| 388 | _a1901-2000 | ||
| 388 | _a1945-1989 | ||
| 650 | 4 | _aUziemienie | |
| 650 | 4 | _aElektroenergetyka | |
| 650 | 4 | _aUrządzenia | |
| 658 | _aInżynieria i technika | ||
| 650 | 4 | _aZabezpieczenia elektryczne | |
| 710 | 2 |
_aWydawnictwa Naukowo-Techniczne _4pbl |
|
| 856 |
_uhttp://koha.tu.koszalin.pl/cgi-bin/koha/opac-detail.pl?biblionumber=27773 _yKatalog online BPK |
||
| 942 |
_cKS _2UKD |
||
| 999 |
_c27773 _d27773 |
||